Les voitures les plus rapides sur le nurburgring TOP10 - Statistiques

Statistiques générales
  • Ce quiz a été pris 32 fois
  • Le résultat moyen est 3 sur 10
Statistiques - réponses
Classement Nom du modèle % Correct
1/5.19.55min Porsche 919
71%
4/6.29.09min Mercedes-AMG one
64%
10/6.56.29min Porsche GT3
43%
7/6.48.04min Mercedes-AMG GT Black series
39%
5/6.43.30min Porsche 911 GT2 RS
36%
8/6.49.42min Lamborghini Aventador svj
14%
2/6.05.33min Volkswagen ID.R
14%
6/6.46.87min Xiaomi su7 ultra
11%
9/6.52.07min Ford Mustang GTD
7%
3/6.24.04min Lotus evija
7%
Aucun quiz correspondant
Distribution des résultats
% des personnes avec chaque résultat
Percentile par nombre de réponses
Votre historique - résultats
Vous n’avez pas pris ce quiz